<?xml version="1.0" encoding="UTF-8"?>
<record
    xmlns:xsi="http://www.w3.org/2001/XMLSchema-instance"
    xsi:schemaLocation="http://www.loc.gov/MARC21/slim http://www.loc.gov/standards/marcxml/schema/MARC21slim.xsd"
    xmlns="http://www.loc.gov/MARC21/slim">

  <leader>02338nam a22003137a 4500</leader>
  <controlfield tag="001">000518</controlfield>
  <controlfield tag="003">DO-SdBNP</controlfield>
  <controlfield tag="005">20171113112957.0</controlfield>
  <controlfield tag="007">000518</controlfield>
  <controlfield tag="008">160921b  2004       xxu||||| |||| 00| 0 spa d</controlfield>
  <datafield tag="020" ind1=" " ind2=" ">
    <subfield code="a">1579549292 </subfield>
  </datafield>
  <datafield tag="020" ind1=" " ind2=" ">
    <subfield code="a"> 1594868212</subfield>
  </datafield>
  <datafield tag="040" ind1=" " ind2=" ">
    <subfield code="a">BPMSU</subfield>
    <subfield code="b">spa</subfield>
    <subfield code="c">BPMSU</subfield>
  </datafield>
  <datafield tag="082" ind1=" " ind2="4">
    <subfield code="a">796.426</subfield>
    <subfield code="b">R943c</subfield>
  </datafield>
  <datafield tag="240" ind1=" " ind2="4">
    <subfield code="a">Complete book of running</subfield>
  </datafield>
  <datafield tag="245" ind1="0" ind2="0">
    <subfield code="a">Runner's complete book of running :</subfield>
    <subfield code="b">everything you need to know to run for fun, fitness and competition /</subfield>
    <subfield code="c">edited by Amby Burfoot.</subfield>
  </datafield>
  <datafield tag="246" ind1="0" ind2="4">
    <subfield code="a">Complete book of running</subfield>
  </datafield>
  <datafield tag="250" ind1=" " ind2=" ">
    <subfield code="a">ed. rev.</subfield>
  </datafield>
  <datafield tag="260" ind1=" " ind2=" ">
    <subfield code="a">Emmaus, Pennsylvania :</subfield>
    <subfield code="b">Rodale, </subfield>
    <subfield code="c">2004.</subfield>
  </datafield>
  <datafield tag="300" ind1=" " ind2=" ">
    <subfield code="a">312 p. : </subfield>
    <subfield code="b">il. ;</subfield>
    <subfield code="c">25 cm. </subfield>
  </datafield>
  <datafield tag="500" ind1=" " ind2=" ">
    <subfield code="a">Incluye &#xED;ndice</subfield>
  </datafield>
  <datafield tag="505" ind1="0" ind2=" ">
    <subfield code="g">pt. 1. Beginning running --</subfield>
    <subfield code="t">1. The first of many miles --</subfield>
    <subfield code="t">2. On the road with Oprah --</subfield>
    <subfield code="t">3. Step into good shoes --</subfield>
    <subfield code="t">4. Unexpected pleasures --</subfield>
    <subfield code="g">pt. 2. Nutrition --</subfield>
    <subfield code="t">5. Fueling up for a peak performance --</subfield>
    <subfield code="t">6. The lowdown on fats --</subfield>
    <subfield code="t">7. For men only: 10 truths --</subfield>
    <subfield code="t">8. Tomorrow's beverages today --</subfield>
    <subfield code="t">9. Say good-bye to meat --</subfield>
    <subfield code="t">10. Buried treasures --</subfield>
    <subfield code="g">pt. 3. Injury prevention --</subfield>
    <subfield code="t">11. The big five --</subfield>
    <subfield code="t">12. The no-injuries running program --</subfield>
    <subfield code="t">13. 10 laws of healthy running --</subfield>
    <subfield code="t">14. Self-treat your ailments --</subfield>
    <subfield code="g">pt. 4. Women's running --</subfield>
    <subfield code="t">15. Advice that could save your life --</subfield>
    <subfield code="t">16. A woman's encyclopedia of running --</subfield>
    <subfield code="t">17. Ask Runner's world --</subfield>
    <subfield code="t">18. To dare, to create, to dream --</subfield>
    <subfield code="g">pt. 5. Building strength, endurance, and speed --</subfield>
    <subfield code="t">19. Time-tested advice --</subfield>
    <subfield code="t">20. Ideal paces --</subfield>
    <subfield code="t">21. Stretch your limits --</subfield>
    <subfield code="t">22. The experts' training secrets --</subfield>
    <subfield code="t">23. The need for speed --</subfield>
    <subfield code="g">pt. 6. The mental side of running --</subfield>
    <subfield code="t">24. Seven strategies to be your best --</subfield>
    <subfield code="t">25. Digging deep --</subfield>
    <subfield code="t">26. Smooth sailing --</subfield>
    <subfield code="t">27. The mysterious breakthrough --</subfield>
    <subfield code="g">pt. 7. Cross-training --</subfield>
    <subfield code="t">28. The many roads to fitness --</subfield>
    <subfield code="t">29. The great indoors --</subfield>
    <subfield code="t">30. Running in place --</subfield>
    <subfield code="t">31. Masters of efficiency --</subfield>
    <subfield code="t">32. Training the whole body --</subfield>
    <subfield code="g">pt. 8. The marathon --</subfield>
    <subfield code="t">33. Guideposts for a marathoner --</subfield>
    <subfield code="t">34. Guaranteed results --</subfield>
    <subfield code="t">35. Ease on down the road --</subfield>
    <subfield code="t">36. Countdown to the big race --</subfield>
    <subfield code="t">37. A tip for every mile.</subfield>
  </datafield>
  <datafield tag="650" ind1=" " ind2="4">
    <subfield code="a">CARRERAS PEDESTRES</subfield>
  </datafield>
  <datafield tag="700" ind1="1" ind2="2">
    <subfield code="a">Burfoot,  Amby</subfield>
  </datafield>
  <datafield tag="910" ind1=" " ind2=" ">
    <subfield code="a">Validado. Control de calidad MFF</subfield>
  </datafield>
  <datafield tag="942" ind1=" " ind2=" ">
    <subfield code="2">ddc</subfield>
    <subfield code="c">BK</subfield>
  </datafield>
  <datafield tag="945" ind1=" " ind2=" ">
    <subfield code="a">Inventariado, 2017/MFF</subfield>
  </datafield>
  <datafield tag="952" ind1=" " ind2=" ">
    <subfield code="0">0</subfield>
    <subfield code="1">0</subfield>
    <subfield code="2">ddc</subfield>
    <subfield code="4">0</subfield>
    <subfield code="7">0</subfield>
    <subfield code="8">CG</subfield>
    <subfield code="a">BPMET</subfield>
    <subfield code="b">BPMET</subfield>
    <subfield code="d">2016-09-21</subfield>
    <subfield code="e">Roberto Antonio F&#xE9;rnandez</subfield>
    <subfield code="l">0</subfield>
    <subfield code="o">796.426       R943c</subfield>
    <subfield code="p">BPMSU16090453</subfield>
    <subfield code="r">2016-09-21</subfield>
    <subfield code="w">2016-09-21</subfield>
    <subfield code="y">BK</subfield>
  </datafield>
  <datafield tag="956" ind1=" " ind2=" ">
    <subfield code="2">LOPEREZ</subfield>
    <subfield code="3">10</subfield>
    <subfield code="6">20160921</subfield>
    <subfield code="8">BPMSU</subfield>
    <subfield code="a">00041</subfield>
  </datafield>
  <datafield tag="999" ind1=" " ind2=" ">
    <subfield code="c">11475</subfield>
    <subfield code="d">11475</subfield>
  </datafield>
</record>
